000 00286cam a22000977a 4500
008 180718b1956 xxu||||| |||| 00| 0 eng d
082 _aA6x5422 M264
245 _aThe history of freedom movement in Madhya Pradesh
260 _aNagpur
_bGovernment of Madhya Pradesh
_c1956
300 _a499+p.
999 _c487342
_d487342